[Event "Manila ol (Women)"]
[Site "Manila"]
[Date "1992.??.??"]
[Round "?"]
[White "Cuevas Rodriguez, Ma Luisa"]
[Black "Ratna Sulista, Maria Lucia"]
[Result "0-1"]
[WhiteElo "2200"]
[BlackElo "2070"]

1.d4 Nf6 2.c4 e6 3.g3 c5 4.d5 exd5 5.cxd5 b5 6.Bg2 d6 7.b4 Nbd7 8.a4 cxb4
9.axb5 Qb6 10.Qd3 Ne5 11.Qb3 Qxb5 12.Na3 Qb7 13.Nc2 a5 14.Nd4 Bd7 15.Bd2 Be7
16.f4 Qb6 17.Ngf3 Nxf3+ 18.Nxf3 O-O 19.Be3 Qb7 20.Nd4 a4 21.Qc4 Ng4 22.Bd2 b3
23.O-O b2 24.Rab1 a3 25.Qa2 Qb6 26.e3 Bf6  0-1

[Event "Manila ol (Men)"]
[Site "Manila"]
[Date "1992.??.??"]
[Round "?"]
[White "Urban, Klaudiusz"]
[Black "Fossan, Erik"]
[Result "1-0"]
[WhiteElo "2465"]
[BlackElo "2315"]

1.d4 Nf6 2.c4 e6 3.g3 c5 4.d5 exd5 5.cxd5 b5 6.Bg2 d6 7.b4 cxb4 8.a3 g6 9.axb4 Bb7
10.Nc3 a6 11.Nf3 Bg7 12.Bf4 Nh5 13.Bd2 Nd7 14.O-O Nb6 15.Rc1 Nc4 16.Bg5 Qd7
17.Rc2 h6 18.Bc1 O-O 19.Nd4 Rac8 20.e4 Qd8 21.Nf5 Kh7 22.Nxg7 Nxg7 23.Nb1 a5
24.bxa5 b4 25.Ra2 Ba6 26.Re1 Rb8 27.Nd2 Ne5 28.Bb2 Ne8 29.Qa4 Nc4  1-0

[Event "Alekhine op"]
[Site "Moscow"]
[Date "1992.??.??"]
[Round "?"]
[White "Poluljahov, Aleksandr"]
[Black "Arkhipov, Sergey"]
[Result "0-1"]
[WhiteElo "2460"]
[BlackElo "2485"]

1.d4 Nf6 2.c4 e6 3.g3 c5 4.d5 exd5 5.cxd5 g6 6.Nc3 Bg7 7.Bg2 O-O 8.d6 Nc6
9.Nf3 Rb8 10.Be3 b6 11.O-O Bb7 12.Qd2 Na5 13.Bg5 Qe8 14.Rad1 Ne4 15.Nxe4 Qxe4
16.b3 Rfe8 17.Rfe1 c4 18.Bh6 c3 19.Qc1 c2 20.Rd3 Rbc8 21.Bxg7 Kxg7 22.Rd4 Qe6
23.Bh3 Qf6 24.Rf4 Qxd6 25.e4 f6 26.b4 g5 27.e5 Rxe5 28.Nxe5 gxf4 29.Bxd7 Rc7
30.Qxf4 Qxe5  0-1

[Event "New York op"]
[Site "New York"]
[Date "1992.??.??"]
[Round "5"]
[White "Palatnik, Semon"]
[Black "Vulicevic, Nenad"]
[Result "1/2-1/2"]
[WhiteElo "2510"]
[BlackElo "2325"]

1.d4 Nf6 2.c4 e6 3.g3 c5 4.Nf3 cxd4 5.Nxd4 a6 6.Bg2 Be7 7.O-O O-O 8.e4 d6
9.Nc3 Qc7 10.Be3 Nc6 11.Rc1 Nxd4 12.Bxd4 Rb8 13.Qe2 Nd7 14.b3 b6 15.f4 Bb7
16.Bh3 Bf6 17.Qd2 Rfd8 18.Rfd1 Bxd4+ 19.Qxd4 Nf6 20.Qe3 Qc5 21.Qxc5 dxc5
22.e5  1/2-1/2

[Event "Oviedo rapid45"]
[Site "Oviedo"]
[Date "1992.??.??"]
[Round "6"]
[White "Nedobora, Mikhail"]
[Black "Hjartarson, Johann"]
[Result "1/2-1/2"]
[WhiteElo "2355"]
[BlackElo "2580"]

1.d4 Nf6 2.c4 e6 3.g3 c5 4.Nf3 cxd4 5.Nxd4 Bb4+ 6.Bd2 Qb6 7.e3 O-O 8.Bg2 d5
9.cxd5 exd5 10.O-O Nc6 11.Nxc6 bxc6 12.Nc3 Bg4 13.Qc2 a5 14.Rac1 Rfc8 15.Rfe1 Rab8
16.a3 Bf8 17.Na4 Qd8 18.Bc3 Bh5 19.Bd4 Bg6 20.Qe2 Ne4 21.Red1 Bd6 22.Nc3 Ng5
23.Na4 h6 24.h4 Ne4 25.Nc3  1/2-1/2

[Event "Pardubice op"]
[Site "Pardubice"]
[Date "1992.??.??"]
[Round "1"]
[White "Korsunsky, Yuri"]
[Black "Mojzis, Jaroslav"]
[Result "1-0"]
[WhiteElo "2430"]
[BlackElo "2220"]

1.d4 e6 2.c4 Nf6 3.g3 c5 4.d5 exd5 5.cxd5 Bd6 6.Nc3 Bc7 7.d6 Ba5 8.Bg2 O-O
9.Nh3 Nc6 10.O-O Bxc3 11.bxc3 b6 12.e4 Bb7 13.e5 Ne8 14.Bd5 Qb8 15.Re1 g6
16.Bh6 Ng7 17.Qf3 Nd8 18.Nf4 Bc6 19.Bxc6 dxc6 20.Qg4 Qc8 21.d7 Qc7 22.Rad1 Nde6
23.Nxe6 Nxe6 24.Bxf8 Nxf8 25.e6  1-0

[Event "Philadelphia opI"]
[Site "Philadelphia"]
[Date "1992.??.??"]
[Round "7"]
[White "Palatnik, Semon"]
[Black "Delaune, Richard K"]
[Result "1/2-1/2"]
[WhiteElo "2510"]
[BlackElo "2355"]

1.d4 Nf6 2.c4 e6 3.g3 c5 4.Nf3 cxd4 5.Nxd4 d5 6.Bg2 e5 7.Nf3 d4 8.O-O Nc6
9.e3 d3 10.Nc3 Bb4 11.Bd2 O-O 12.Nd5 Nxd5 13.cxd5 Qxd5 14.Nd4 Qd6 15.Nxc6 Bxd2
16.Nxe5 Qxe5 17.Qxd2 Rd8 18.Rfc1 Bf5 19.Rc3 Rac8 20.Bxb7 Rxc3 21.bxc3 h5
22.Bg2 Qb5 23.e4 Be6 24.Bf1 Bc4 25.h4 a5 26.Rd1 Qa4 27.Qg5 Qxd1 28.Qxd8+ Kh7
29.Kg2 Qe1 30.Bxd3 Qd2 31.Qxa5 Qxd3 32.Qxh5+ Kg8 33.Qf3 Qf1+ 34.Kh2 Bxa2
35.g4 Bc4 36.h5 Qc1 37.Kg2 Qd2 38.Kg3 Be2 39.Qf5 Qxc3+ 40.f3 Qe1+ 41.Kf4 Qd2+
42.Kg3 Qe1+ 43.Kf4 Qc1+ 44.Kg3 Qc7+ 45.Kg2 Bc4 46.g5 Be6 47.Qb5 Bd7 48.Qd5 Qc6
49.Qxc6 Bxc6 50.Kg3 Ba4 51.Kf4 Bd1 52.h6 Kh7 53.hxg7 Kxg7 54.Ke3 Kg6  1/2-1/2

[Event "RUS-chT"]
[Site "Podolsk"]
[Date "1992.??.??"]
[Round "?"]
[White "Raetsky, Alexander"]
[Black "Tunik, Gennady"]
[Result "0-1"]
[WhiteElo "2455"]
[BlackElo "2450"]

1.d4 Nf6 2.c4 e6 3.g3 c5 4.Nf3 cxd4 5.Nxd4 Qb6 6.Bg2 Bc5 7.e3 Nc6 8.O-O Nxd4
9.exd4 Bxd4 10.Nc3 e5 11.Nb5 O-O 12.Nxd4 exd4 13.Qd3 d5 14.cxd5 Bg4 15.h3 Bd7
16.Rd1 Rfe8 17.Bg5 Bb5 18.Qb3 Ne4 19.Bxe4 Rxe4 20.a4 Be2 21.Qxb6 axb6 22.Rd2 d3
23.d6 Rd4 24.Be7 Rc8 25.Kg2 f6 26.f4 Kf7 27.Kf2 Ke6 28.Ke3 Rd5 29.Ra3 Kd7
30.Rc3 Rcc5 31.Rxc5 bxc5 32.b3 Rd4 33.Rb2 Rb4 34.Bf8 c4 35.Bxg7 c3 36.Rxe2 dxe2
37.Kxe2 Rd4 38.Bxf6 c2  0-1

[Event "RUS-chT"]
[Site "Podolsk"]
[Date "1992.??.??"]
[Round "?"]
[White "Ulibin, Mikhail"]
[Black "Tunik, Gennady"]
[Result "1/2-1/2"]
[WhiteElo "2585"]
[BlackElo "2450"]

1.d4 Nf6 2.c4 e6 3.g3 c5 4.d5 exd5 5.cxd5 d6 6.Nc3 g6 7.Bg2 Bg7 8.Nf3 O-O
9.O-O Na6 10.Nd2 Nc7 11.Nc4 b5 12.Nxd6 Qxd6 13.Bf4 Qd7 14.d6 Ne6 15.Bxa8 Nxf4
16.gxf4 Qg4+ 17.Bg2 Qxf4 18.Qc1 Qxd6 19.Nxb5 Qe5 20.Qc3 Qxe2 21.Nxa7 Be6
22.Qxc5 Nd7 23.Qb5 Qxb5 24.Nxb5 Bc4 25.a4 Bxb2 26.Rab1 Bxf1 27.Kxf1 Be5 28.Rd1 Nb8
29.Bb7 Bxh2 30.a5 Re8 31.a6 Nxa6 32.Bxa6 Re6 33.Bc8 Rc6 34.Bh3 Rc5 35.Rd8+ Kg7
36.Nd4 Be5 37.Ne2 h5 38.Bg2 g5 39.Bd5 g4 40.Rd7 Rc7 41.Rd8 Re7 42.Ra8 Rd7
43.Ra5 Re7 44.Rb5 Kg6 45.Bb7 f6 46.Be4+ Kh6 47.Rd5 Ra7 48.Rd8 Ra4 49.Bc2 Ra1+
50.Kg2 h4 51.Rh8+ Kg5 52.Rg8+ Kh5 53.Rh8+ Kg5 54.Rg8+ Kh5 55.f4 gxf3+ 56.Kxf3 Ra3+
57.Ke4 h3 58.Nf4+ Kh6 59.Rg4 Rc3 60.Rh4+ Kg7 61.Bd3 h2 62.Be2 Ra3 63.Bf3 Ra4+
64.Kf5 Rxf4+  1/2-1/2

[Event "RUS-chT"]
[Site "Podolsk"]
[Date "1992.??.??"]
[Round "?"]
[White "Vasilchenko, Oleg"]
[Black "Kulikov, Oleg"]
[Result "1-0"]
[WhiteElo "2385"]
[BlackElo "2335"]

1.d4 Nf6 2.c4 e6 3.g3 c5 4.Nf3 cxd4 5.Nxd4 Ne4 6.Qd3 Bb4+ 7.Nd2 d5 8.cxd5 Bxd2+
9.Bxd2 Nxd2 10.Bg2 exd5 11.Qxd2 O-O 12.O-O Nc6 13.Rfd1 Be6 14.Qf4 Qb6 15.Rd2 Rad8
16.Rad1 a5 17.h4 h6 18.Bf3 Ne7 19.Qe3 Nc8 20.Qb3 Rd7 21.Rc1 Qd8 22.Rc5 Nb6
23.Rd1 Nc4 24.Qb5 Nd6 25.Qd3 Qb6 26.Rc2 Rfd8 27.Qb3 Qa6 28.e3 Ne4 29.Qb5 Qd6
30.Nxe6 Qxe6 31.Qxa5 Qg6 32.Bxe4 Qxe4 33.Rcd2 Rd6 34.Rd4 Qc2 35.R1d2 Qb1+
36.Kg2 Qf5 37.e4  1-0

[Event "POL-ch"]
[Site "?"]
[Date "1992.??.??"]
[Round "6"]
[White "Urban, Klaudiusz"]
[Black "Panczyk, Krzysztof"]
[Result "1-0"]
[WhiteElo "2465"]
[BlackElo "2425"]

1.c4 e6 2.d4 Nf6 3.g3 c5 4.d5 exd5 5.cxd5 d6 6.Nc3 g6 7.Bg2 Bg7 8.Nf3 O-O
9.O-O Na6 10.h3 Bd7 11.e4 Re8 12.Re1 b5 13.e5 dxe5 14.Rxe5 b4 15.Ne2 Ne4
16.Rxe8+ Qxe8 17.Nf4 Rd8 18.a3 Ba4 19.Qe1 b3 20.Qa5 Bb5 21.Bd2 Nd6 22.Re1 Qd7
23.a4 Bc4 24.Ne5 Qc7 25.Nxc4 Nxc4 26.Qxa6 Nxd2 27.Qd3 Bxb2 28.Qxd2 Bf6 29.Bf1 c4
30.Qb4 Rc8 31.d6 Qc5 32.d7 Rc7 33.Qb8+ Kg7 34.d8=Q Bxd8 35.Qxd8 b2 36.Nd5 Rc6
37.Nc3 Rd6 38.Qe7 Qa5 39.Qxd6 Qxc3  1-0

[Event "ROM-ch (Women)"]
[Site "?"]
[Date "1992.??.??"]
[Round "8"]
[White "Caravan, Mariana"]
[Black "Chiricuta Kantor, Iudita"]
[Result "1/2-1/2"]
[WhiteElo "2105"]
[BlackElo "2155"]

1.d4 Nf6 2.c4 e6 3.g3 c5 4.Nf3 cxd4 5.Nxd4 Qb6 6.Bg2 Bc5 7.e3 O-O 8.O-O d5
9.cxd5 Nxd5 10.Nb3 Be7 11.e4 Nf6 12.Be3 Qb4 13.Nc3 Rd8 14.Qe2 e5 15.Rfd1 Rxd1+
16.Rxd1 Bg4 17.f3 Be6 18.Qb5 Nc6 19.Qxb4 Nxb4 20.Nc5 Nxa2 21.Nxa2 Bxc5 22.Bxc5 Bxa2
23.Bxa7 h6 24.Bb6 Bb3 25.Rd8+ Rxd8 26.Bxd8 Nd7 27.Bf1 Nc5 28.Bc7 f6 29.Bd6 Na4
30.Ba3 Kf7 31.Kf2 Nb6 32.Ke3 Nc4+ 33.Bxc4+ Bxc4  1/2-1/2

[Event "San Bernardino op"]
[Site "San Bernardino"]
[Date "1992.??.??"]
[Round "2"]
[White "Keller, Manfred"]
[Black "Hort, Vlastimil"]
[Result "0-1"]
[WhiteElo "2230"]
[BlackElo "2560"]

1.d4 Nf6 2.c4 e6 3.g3 c5 4.Nf3 cxd4 5.Nxd4 Nc6 6.Bg2 Qb6 7.Nb5 d5 8.Be3 Qa5+
9.Bd2 Bb4 10.Bxb4 Qxb4+ 11.Qd2 O-O 12.Nc7 Rb8 13.cxd5 Rd8 14.Qxb4 Nxb4 15.Na3 exd5
16.Ncb5 Re8 17.Nd4 Nd3+ 18.Kf1 Nxb2 19.Rb1 Nc4 20.Nxc4 dxc4 21.Rb4 c3 22.Rc4 Ne4
23.Bxe4 Rxe4 24.e3 Be6 25.Rxc3 Bxa2 26.Ke2 b5 27.Nxb5 Bc4+ 28.Kf3 f5 29.Nd6 Bd5
30.Ke2 Re6 31.Rb1 Rf8 32.Nc8 a6 33.Rc7 Rf7 34.Rbc1 g6 35.Rxf7 Kxf7 36.Rc7+ Kf6
37.Rd7 Bb3 38.Rb7 Bc4+ 39.Kd2 h6 40.Nb6 Rd6+ 41.Ke1 Be6 42.Na4 Bd5 43.Rb6 Ke7
44.Rxd6 Kxd6 45.Kd2 Bc6 46.Nb2 Bb5 47.f3 Kc5 48.Kc3 Be2 49.g4 Bxf3 50.gxf5 gxf5
51.Nd3+ Kd6 52.Kd4 a5 53.Ne5 Bd5 54.e4 fxe4 55.Ng4 a4 56.Nxh6 Be6 57.Kxe4 a3  0-1

[Event "San Bernardino op"]
[Site "San Bernardino"]
[Date "1992.??.??"]
[Round "4"]
[White "Van Parreren, Hanneke"]
[Black "Summermatter, Daniel"]
[Result "0-1"]
[WhiteElo "2160"]
[BlackElo "2350"]

1.d4 Nf6 2.c4 e6 3.g3 c5 4.d5 exd5 5.cxd5 Bd6 6.Nc3 O-O 7.Bg2 Re8 8.Nf3 a6
9.a4 Bc7 10.O-O d6 11.Re1 Nbd7 12.e4 Rb8 13.Qd3 Nf8 14.h3 Ng6 15.Be3 Bd7
16.Nd2 b5 17.axb5 axb5 18.f4 c4 19.Qf1 b4 20.Na4 Ra8 21.b3 c3 22.Nc4 Nxe4
23.Qf3 Bxa4 24.Rxa4 Rxa4 25.bxa4 f5 26.Kh2 b3 27.Bd4 Qa8 28.Rxe4 fxe4 29.Qxc3 Qxd5
30.Ne3 Qf7 31.Nc4 d5 32.Ne3 Nxf4  0-1

[Event "Sevilla op"]
[Site "Sevilla"]
[Date "1992.??.??"]
[Round "6"]
[White "Marin, Mihail"]
[Black "Franco Ocampo, Zenon"]
[Result "0-1"]
[WhiteElo "2525"]
[BlackElo "2520"]

1.d4 Nf6 2.c4 e6 3.g3 c5 4.d5 exd5 5.cxd5 d6 6.Nc3 g6 7.Nf3 Bg7 8.Bg2 O-O
9.O-O a6 10.a4 Nbd7 11.Nd2 Re8 12.Nc4 Nb6 13.Na3 Bd7 14.Qc2 Rb8 15.Bd2 Nc8
16.Rab1 b5 17.axb5 axb5 18.b4 c4 19.Qc1 Bf5 20.Rb2 Qd7 21.Rd1 Bh3 22.Bh6 Bh8
23.Be3 Bxg2 24.Kxg2 Rxe3 25.Qxe3 Ng4 26.Qf3 Ne7 27.Nab1 Nf5 28.h3 Ne5 29.Qf4 Bg7
30.Ne4 Qe7 31.Qd2 c3 32.Nexc3 Nc4 33.Qc1 Bh6 34.e3 Bxe3 35.Re2 Qg5 36.Qc2 Bxf2
37.Ne4 Nfe3+ 38.Rxe3 Nxe3+ 39.Kxf2 Nxd1+ 40.Qxd1 Qe5 41.Nec3 Rc8 42.Qe2 Qd4+
43.Kg2 Rc4 44.Qe8+ Kg7 45.Qxb5 Rxb4 46.Qe2 Rb3 47.Qc2 Qc4 48.Qd2 h5 49.Kf2 h4
50.g4 Qb4 51.Qd3 Qf4+ 52.Ke2 Qc1 53.Qd1 Rb2+ 54.Ke1 Qe3+ 55.Ne2 Kg8 56.Nc3 Qxh3
57.Qd4 Qf3 58.Qf4 Qxf4 59.Nxf4 Rb4 60.Nce2 g5 61.Nh5 Kh7  0-1

[Event "St Petersburg"]
[Site "St Petersburg"]
[Date "1992.??.??"]
[Round "?"]
[White "Savchenko, Stanislav"]
[Black "Kuzmin, Gennadi P"]
[Result "1/2-1/2"]
[WhiteElo "2500"]
[BlackElo "2530"]

1.d4 Nf6 2.c4 e6 3.g3 c5 4.d5 exd5 5.cxd5 g6 6.Bg2 Bg7 7.Nc3 O-O 8.d6 Nc6
9.Nh3 b6 10.O-O Bb7 11.e4 Ne8 12.Bg5 f6 13.Be3 Qb8 14.Nb5 Kh8 15.Nf4 Ne5
16.h4 a6 17.Nc7 Nxc7 18.dxc7 Qxc7 19.h5 g5 20.Nd5 Qd6 21.Rc1 Bxd5 22.exd5 Rae8
23.b3 Nf7 24.Qd3 a5 25.Rce1 Qb8 26.Bh3 g4 27.Bxg4 Ne5 28.Qf5 Nxg4 29.Qxg4 f5
30.Qf3 Re4 31.h6 Be5 32.Bd2 Bd4 33.Bc3 Qe8 34.Kg2 Kg8 35.Rh1 Qg6 36.Bxd4 cxd4
37.Rc1 Rg4 38.Rcd1 Re8 39.Rd2 Ree4 40.Rc2 Kf7 41.Rc8 Ke7 42.Rh8 Qf7 43.b4 Qxd5
44.Rxh7+ Kf6 45.Rh5 Rg5 46.Rh4 Ke6 47.Rxe4+ Qxe4 48.Rh8 Ke7 49.Rc8 Rh5 50.Qxe4+ fxe4
51.Rc4 d5 52.Rxd4 Kd6 53.bxa5 bxa5 54.Ra4 Rxh6 55.Rxa5 Ke5 56.a4 Kd4 57.Ra8 Kd3
58.a5 d4 59.a6 Rg6 60.a7 Rg7 61.Kh3  1/2-1/2

[Event "Zalakaros op"]
[Site "Zalakaros"]
[Date "1992.??.??"]
[Round "1"]
[White "Monin, Nikolay"]
[Black "Porubszky Angyalosine, Maria A"]
[Result "1-0"]
[WhiteElo "2405"]
[BlackElo "2210"]

1.d4 Nf6 2.c4 e6 3.g3 c5 4.Nf3 cxd4 5.Nxd4 d5 6.Bg2 Bb4+ 7.Bd2 Bxd2+ 8.Qxd2 O-O
9.cxd5 Nxd5 10.O-O Na6 11.Rd1 Qb6 12.Na3 Bd7 13.Nc4 Qb4 14.Bxd5 exd5 15.Qxb4 Nxb4
16.Ne3 Bc6 17.a3 Na6 18.Rac1 Rac8 19.Ndf5 Rc7 20.Nxd5 Bxd5 21.Rxc7 Nxc7 22.Ne7+ Kh8
23.Nxd5 Rd8 24.Nc3 Rxd1+ 25.Nxd1 Kg8 26.Nc3 f5 27.f3 Kf7 28.Kf2 Ke6 29.Ke3 Ke5
30.f4+ Kd6 31.Kd4 Ne6+ 32.Kc4 a6 33.a4 g5 34.e3 gxf4 35.exf4 Kc6 36.a5 Kd6
37.Ne2 h5 38.Nd4 Ng7 39.h4  1-0

[Event "Alushta"]
[Site "Alushta"]
[Date "1993.??.??"]
[Round "?"]
[White "Gleizerov, Evgeny"]
[Black "Moskalenko, Viktor"]
[Result "1/2-1/2"]
[WhiteElo "2555"]
[BlackElo "2555"]

1.d4 Nf6 2.c4 e6 3.g3 c5 4.d5 exd5 5.cxd5 d6 6.Nc3 g6 7.Bg2 Bg7 8.Nf3 O-O
9.O-O Re8 10.Bf4 Na6 11.Re1 Ne4 12.Nxe4 Rxe4 13.Nd2 Rd4 14.a3 Rxf4 15.gxf4 Bxb2
16.Ra2 Bg7 17.e4 b5 18.e5 Bf5 19.Nf3 Nc7 20.exd6 Ne8 21.d7 Nd6 22.Ne5  1/2-1/2

[Event "Alushta"]
[Site "Alushta"]
[Date "1993.??.??"]
[Round "?"]
[White "Gleizerov, Evgeny"]
[Black "Lazarev, Vladimir"]
[Result "1/2-1/2"]
[WhiteElo "2555"]
[BlackElo "2430"]

1.d4 Nf6 2.c4 e6 3.g3 c5 4.d5 exd5 5.cxd5 d6 6.Bg2 g6 7.Nf3 Bg7 8.O-O O-O
9.Nc3 Na6 10.Nd2 Nc7 11.Nc4 b5 12.Nxd6 Qxd6 13.Bf4 Qd7 14.d6 Ne6 15.Bxa8 Nxf4
16.gxf4 Qg4+ 17.Bg2 Qxf4 18.Qc1  1/2-1/2

[Event "Alushta3"]
[Site "Alushta"]
[Date "1993.??.??"]
[Round "?"]
[White "Tregubov, Pavel V"]
[Black "Kuzmin, Gennadi P"]
[Result "1/2-1/2"]
[WhiteElo "2475"]
[BlackElo "2500"]

1.d4 Nf6 2.c4 e6 3.g3 c5 4.Nf3 cxd4 5.Nxd4 Nc6 6.Bg2 Bc5 7.Nb3 Be7 8.Nc3 O-O
9.Bf4 d5 10.cxd5 Nxd5 11.Nxd5 exd5 12.O-O Bf6 13.Qxd5 Bxb2 14.Rab1 Ba3 15.Qb5 Qb6
16.Qa4 Qb4 17.Qxb4 Bxb4 18.Na1 Ba5 19.Nc2 Bb6 20.Ne3 Re8 21.Rb2 Be6 22.Nd5 Bxd5
23.Bxd5 Rad8 24.e4 h6 25.Rc1 Re7 26.h4 Red7 27.Rd1 Kf8 28.g4 Ne7 29.Rbd2 Ng6
30.Bg3 Bc7 31.Kg2 Bxg3 32.Kxg3 Ne7 33.Kf4  1/2-1/2

[Event "AUT-chT2S 9293"]
[Site "AUT"]
[Date "1993.??.??"]
[Round "?"]
[White "Kiss, Attila"]
[Black "Titz, Heimo"]
[Result "1/2-1/2"]
[WhiteElo "2365"]
[BlackElo "2325"]

1.d4 Nf6 2.c4 e6 3.g3 c5 4.d5 exd5 5.cxd5 d6 6.Nc3 g6 7.Bg2 Bg7 8.Nf3 O-O
9.O-O Na6 10.h3 Nc7 11.e4 Nd7 12.Bg5 f6 13.Bf4 Ne5 14.Nxe5 fxe5 15.Be3 b5
16.a4 b4 17.Nb1 a5 18.Nd2 Ba6 19.Re1 Ra7 20.Bf1 Bxf1 21.Rxf1 Na8 22.b3 Nb6
23.Kg2 Qc8 24.Rc1 Qa6 25.h4 h6 26.Qg4 Kh7 27.Rh1 Qc8 28.Qe2 Qa6 29.Qg4 Raf7
30.h5 g5 31.Rhd1 Rf6 32.Re1 Kh8 33.Qe2 Qxe2 34.Rxe2 R6f7 35.Ree1 Bf6 36.g4 Bd8
37.Re2 Kg7 38.Ree1 Rb7 39.Rh1 Be7 40.Rh3 Bd8 41.Rf3 Rxf3 42.Kxf3 Kf7 43.Ke2 Ke8
44.Kd3 Rf7 45.Rc2 Kd7 46.Rc1 Ke8 47.Rc2 Kd7 48.Ke2 Ke8 49.Rc1 Rb7 50.Rh1 Rf7
51.Rc1 Rb7 52.Kd3 Rf7 53.Rc2 Kd7 54.Ke2 Ke8 55.Rc1 Rb7 56.Nf1 Be7 57.Ng3 Bf8
58.Nf5 Rf7 59.Ng3 Rb7 60.Nf1 Be7 61.Nd2 Bd8 62.Nc4 Nxc4 63.Rxc4 Rf7 64.Rc1 Kd7  1/2-1/2

[Event "Barcelona"]
[Site "Barcelona"]
[Date "1993.??.??"]
[Round "3"]
[White "Tukmakov, Vladimir B"]
[Black "Solozhenkin, Evgeniy"]
[Result "1/2-1/2"]
[WhiteElo "2600"]
[BlackElo "2515"]

1.d4 Nf6 2.c4 e6 3.g3 c5 4.Nf3 cxd4 5.Nxd4 Bb4+ 6.Bd2 Qb6 7.e3 Nc6 8.Bg2 Nxd4
9.exd4 Bxd2+ 10.Qxd2 d6 11.O-O O-O 12.Na3 Bd7 13.Rfc1 Rac8 14.Rc3 Qc7 15.Rac1 Rfd8
16.b4 Qb8 17.b5 h6 18.Qb2 e5 19.Re3 Re8 20.Rce1 exd4 21.Qxd4 Rxe3 22.Rxe3 Be6
23.h3 Rc5 24.Rd3  1/2-1/2

[Event "Bonn GSK"]
[Site "Bonn"]
[Date "1993.??.??"]
[Round "?"]
[White "Roos, Thomas"]
[Black "Dokhoian, Yury"]
[Result "0-1"]
[WhiteElo "2280"]
[BlackElo "2515"]

1.d4 Nf6 2.c4 e6 3.g3 c5 4.d5 exd5 5.cxd5 d6 6.Nc3 g6 7.Bg2 Bg7 8.Nf3 O-O
9.O-O a6 10.a4 Re8 11.Nd2 Nbd7 12.Ra2 Rb8 13.a5 Qe7 14.Qc2 Nh5 15.Nc4 Ne5
16.Nxe5 Bxe5 17.Na4 Bg7 18.Re1 Bd7 19.Nb6 Bb5 20.b3 f5 21.Bb2 Bxb2 22.Rxb2 Nf6
23.b4 cxb4 24.Rxb4 Ne4 25.Rb3 Nc5 26.Rc3 Qf6 27.e3 Rbd8 28.Rc1 Re7 29.h4 Kh8
30.Ra3 Kg7 31.Qc3 h6 32.Qxf6+ Kxf6 33.Bf1 Be8 34.Rb1 g5 35.hxg5+ hxg5 36.Bg2 Bg6
37.f4 Be8 38.Kf2 Bb5 39.Rd1 Rh8 40.Rd4 gxf4 41.gxf4 Rg7 42.e4 Nxe4+ 43.Kg1 Rhg8
44.Ra2 Nc3  0-1

[Event "Bratislava op"]
[Site "Bratislava"]
[Date "1993.??.??"]
[Round "5"]
[White "Sorokin, Maxim"]
[Black "Contin, Daniel"]
[Result "1-0"]
[WhiteElo "2515"]
[BlackElo "2385"]

1.d4 Nf6 2.c4 e6 3.g3 c5 4.d5 exd5 5.cxd5 d6 6.Bg2 g6 7.Nf3 Bg7 8.O-O O-O
9.Nc3 Na6 10.Bf4 Nc7 11.e4 Re8 12.Re1 Rb8 13.h3 Nh5 14.Bg5 Bf6 15.Bxf6 Qxf6
16.e5 Qd8 17.Qd2 dxe5 18.Nxe5 Nf6 19.Rad1 Bd7 20.Qf4 Rf8 21.Qh6 Nce8 22.Ne4 Nxe4
23.Rxe4 Nf6 24.Rh4 Re8 25.Re1 Bc8 26.Re3 Qd6 27.Nc4 Qf8 28.Qf4 Nd7 29.Qc7 b5
30.Rxe8 Qxe8 31.Re4 Qf8 32.Nd6  1-0

[Event "Bucharest schev"]
[Site "Bucharest"]
[Date "1993.??.??"]
[Round "?"]
[White "Shumiakina, Tatiana"]
[Black "Florescu, Codrut"]
[Result "1-0"]
[WhiteElo "2305"]
[BlackElo "2280"]

1.d4 Nf6 2.c4 e6 3.g3 c5 4.d5 exd5 5.cxd5 d6 6.Nc3 g6 7.Bg2 Bg7 8.Nf3 O-O
9.O-O Re8 10.Bf4 Ne4 11.Nxe4 Rxe4 12.Nd2 Rxf4 13.gxf4 Bxb2 14.Rb1 Bg7 15.Re1 Qh4
16.e3 Nd7 17.Nc4 Bf8 18.Qf3 b5 19.Na5 a6 20.Nc6 Nb6 21.e4 Bh6 22.Qg3 Qxf4
23.e5 Nc4 24.e6 f5 25.Ne7+ Kh8 26.Qc3+ Bg7 27.Qh3 Qg5 28.Nc6 Bb7 29.Rbd1 Re8
30.Qg3 Qf6 31.Rc1 f4 32.Qh3 Nb6 33.Rc2 Qg5 34.Rd1 Nc4 35.Kh1 Ne5 36.Nxe5 Bxe5
37.Bf3 Bf6 38.Re2 c4 39.Be4 Qh4 40.Qxh4 Bxh4 41.Kg2 Bf6 42.Kf3 b4 43.Bc2 a5
44.Re4 Ba6 45.Ba4 Re7 46.Rxf4 Kg7 47.h4 Rc7 48.h5 Bg5 49.Rg4 h6 50.hxg6 c3
51.Bc2 Bc4 52.Rxc4 Rxc4 53.Re1 Rc7 54.Re2 h5 55.Kg3 Be7 56.f4 Rc5 57.Bb3 a4
58.Bxa4 Rxd5 59.Bc2 Rd1 60.Kf3 d5 61.Ke3  1-0

[Event "Bucharest"]
[Site "Bucharest"]
[Date "1993.??.??"]
[Round "?"]
[White "Marin, Mihail"]
[Black "Hauchard, Arnaud"]
[Result "1-0"]
[WhiteElo "2515"]
[BlackElo "2450"]

1.d4 Nf6 2.c4 e6 3.g3 c5 4.d5 exd5 5.cxd5 Bd6 6.Nc3 Bc7 7.Nf3 d6 8.Bg2 a6
9.a4 Nbd7 10.O-O Nf8 11.Nd2 Ng6 12.Nc4 Bd7 13.Bg5 b5 14.axb5 axb5 15.Bxf6 gxf6
16.Rxa8 Qxa8 17.Ne3 f5 18.Qc2 Ne7 19.Bh3 Qc8 20.Qd3 b4 21.Ncd1 h5 22.Ng2 Ng6
23.Nde3 Ne5 24.Qc2 b3 25.Qb1 Qa6 26.Nf4 Qa2 27.Qxa2 bxa2 28.Ra1 Ng4 29.Nc4 Ke7
30.Rxa2 Rb8 31.Ra7 Kd8 32.Nxh5 Rb4 33.b3 Rxb3 34.Bxg4 fxg4 35.Nf6 Bb5 36.Ra8+ Ke7
37.Nd2 c4 38.Nde4 Bb6 39.Rb8 Bd4 40.Ng8+ Kd7 41.Rb7+ Kd8 42.Ne7 c3 43.Rxb5 c2
44.Nc6+ Kc7 45.Rxb3 c1=Q+ 46.Kg2 Qc2 47.Rd3 Bg7 48.Nd2 Qd1 49.Nd4 Bxd4 50.Rxd4 Qxe2
51.Nf1 f5 52.Ne3 Qb2 53.Nxf5 Kd7 54.Rxg4 Qe5 55.Ne3 Ke7 56.Rf4 Qh5 57.h4 Qe5
58.Rf5  1-0

[Event "Budapest FS11 IM-B"]
[Site "Budapest"]
[Date "1993.??.??"]
[Round "9"]
[White "Kahn, Evarth"]
[Black "Palkovi, Jozsef"]
[Result "0-1"]
[WhiteElo "2390"]
[BlackElo "2425"]

1.d4 Nf6 2.c4 e6 3.g3 c5 4.Nf3 cxd4 5.Bg2 e5 6.O-O Nc6 7.e3 dxe3 8.Bxe3 d6
9.Ng5 Be7 10.f4 Ng4 11.Nxf7 Kxf7 12.fxe5+ Ke8 13.Bxc6+ bxc6 14.exd6 Qxd6
15.Bd4 Bf6 16.Rf4 c5 17.Qe2+ Qe6 18.Qxe6+ Bxe6 19.Bxf6 Nxf6 20.Nc3 Kd7 21.Re1 Rhe8
22.Re5 Kc6 23.Rg5 Re7 24.Na4 Nd7 25.b3 h6 26.Rh5 Rh8 27.Rf2 g5 28.Re2 Nf6
29.Rh3 Rhh7 30.g4 Bxg4 31.Rxe7 Bxh3 32.Re5 Nd7 33.Re8 Rf7 34.Re1 Ne5 35.Ra1 Nf3+
36.Kf2 Nd4+ 37.Kg1 Ne2+ 38.Kh1 Rf2  0-1

[Event "CZE Tschechien-ch"]
[Site "?"]
[Date "1993.??.??"]
[Round "6"]
[White "Chloupek, Stanislav"]
[Black "Hala, Bohumil"]
[Result "1-0"]
[WhiteElo "2295"]
[BlackElo "2215"]

1.d4 Nf6 2.c4 e6 3.g3 c5 4.d5 exd5 5.cxd5 b5 6.Bg2 d6 7.b4 cxb4 8.a3 bxa3
9.Nxa3 Bd7 10.Nf3 Be7 11.O-O Na6 12.Nd4 Nc7 13.e4 O-O 14.Rb1 a5 15.Naxb5 Nxb5
16.Nxb5 Rb8 17.Nc3 Rxb1 18.Nxb1 Qc7 19.Ba3 Bb5 20.Re1 Nd7 21.Bf1 Bxf1 22.Kxf1 Rc8
23.Qd2 Qc4+ 24.Kg2 Qa4 25.Qd1 Qc4 26.e5 Nc5 27.exd6 Bxd6 28.Qf3 Qd3 29.Rc1 Qxf3+
30.Kxf3 Rc7 31.Nd2 a4 32.Re1 Kf8 33.Nc4 Be7 34.Rxe7  1-0

[Event "Dhaka"]
[Site "Dhaka"]
[Date "1993.??.??"]
[Round "?"]
[White "Rahman, Ziaur"]
[Black "Vaidya, Arun B"]
[Result "1/2-1/2"]
[WhiteElo "2430"]
[BlackElo "2385"]

1.d4 Nf6 2.c4 e6 3.g3 c5 4.Nf3 d5 5.Bg2 dxc4 6.O-O Be7 7.Qa4+ Nbd7 8.dxc5 O-O
9.Qxc4 Nxc5 10.Nc3 a6 11.Rd1 Qe8 12.Qd4 Ncd7 13.Be3 Bc5 14.Qd2 Qe7 15.Rac1 Rb8
16.Bxc5 Nxc5 17.Ne5 Ncd7 18.Nc4 h6 19.Qd6 Qxd6 20.Rxd6 g6 21.Rcd1 Kg7 22.R6d2 b5
23.Na5 Ne5 24.b3 b4 25.Na4 Rb5 26.Nc6 Nxc6 27.Bxc6 Rb8 28.Nc5 e5 29.Rd6 a5
30.f4 exf4 31.gxf4 Bg4 32.Kf2 Rfc8 33.Ne4 Nh5 34.Ke3 Rb6 35.Bd7 Rxd6 36.Rxd6 Bxd7
37.Rxd7 Rc2 38.Rd2 Rc1 39.Rd5 f5 40.Nd2 Rc3+ 41.Rd3 Rc2 42.Nc4 Rxa2 43.Rd7+ Kf6
44.Rd6+ Ke7  1/2-1/2

[Event "ESP-chT"]
[Site "?"]
[Date "1993.??.??"]
[Round "?"]
[White "Glavina, Pablo"]
[Black "Suba, Mihai"]
[Result "1-0"]
[WhiteElo "2405"]
[BlackElo "2500"]

1.d4 Nf6 2.c4 e6 3.g3 c5 4.d5 exd5 5.cxd5 d6 6.Nc3 g6 7.Nf3 Bg7 8.Bg2 O-O
9.O-O Na6 10.Nd2 Nc7 11.Nc4 Nfe8 12.a4 b6 13.Qd2 f5 14.b3 Bb7 15.Bb2 Qd7
16.Rfd1 Nf6 17.e4 fxe4 18.Nxe4 Nxe4 19.Bxe4 Rae8 20.Bg2 Bxb2 21.Qxb2 Re7
22.Rd2 Ba6 23.Ne3 Bc8 24.Re1 Rfe8 25.h4 Re5 26.Rde2 Qg7 27.b4 cxb4 28.Qxb4 Qf6
29.Qc3 Qd8 30.f4 R5e7 31.Bf3 Na6 32.Qf6 Rf8 33.Qg5 Rc7 34.Bg4 Qxg5 35.hxg5 Nc5
36.Bxc8 Rfxc8 37.Ng4 Nxa4 38.Re8+ Rxe8 39.Rxe8+ Kf7 40.Rh8 Kg7 41.Rd8 Kf7
42.Nh6+ Ke7 43.Rh8 b5 44.f5 b4 45.f6+ Kd7 46.f7 Rc1+ 47.Kg2 Rc2+ 48.Kf3 Rc3+
49.Kg4  1-0

[Event "Oberliga Nord N9293"]
[Site "Germany"]
[Date "1993.??.??"]
[Round "?"]
[White "Tatenhorst, Volker"]
[Black "Neumann, Joachim"]
[Result "1-0"]
[WhiteElo "2250"]
[BlackElo "2215"]

1.d4 Nf6 2.c4 e6 3.g3 c5 4.Nf3 cxd4 5.Nxd4 Nc6 6.Bg2 d5 7.O-O Bc5 8.Nxc6 bxc6
9.Qc2 Be7 10.Rd1 Qb6 11.cxd5 cxd5 12.Be3 Qa6 13.Bc5 Qc6 14.Rc1 Ba6 15.Bxe7 Qxc2
16.Rxc2 Kxe7 17.Nc3 Rac8 18.Rac1 Kd7 19.e3 Rc7 20.Ne4 Rxc2 21.Nxf6+ gxf6
22.Rxc2 Kd6 23.Bf1 Bb7 24.Bd3 h6 25.Be2 e5 26.Bh5 Ba6 27.Bxf7 Bd3 28.Rd2 e4
29.Bh5 Rc8 30.Be2 Bxe2 31.Rxe2 Rc1+ 32.Kg2 Ke5 33.Rd2 Ra1 34.b3 Rc1 35.g4 Kd6
36.Kg3 Ke5 37.Kh4 Rh1 38.h3 Ke6 39.Rc2 Kd6 40.Kg3 Ra1 41.Kf4 Rh1 42.Kg3 Rg1+
43.Kh4 f5 44.gxf5 Rg5 45.f6 Rf5 46.f7 Rxf7 47.Kh5 Rf6 48.b4 Ke5 49.b5 a6
50.a4 axb5 51.axb5 Rb6 52.Rc5 Rf6 53.h4 Rxf2 54.Kxh6 Re2 55.b6 Rb2 56.Rc6 Rb3
57.Kg7 Rxe3 58.h5 Rg3+ 59.Rg6 Rc3 60.h6 e3 61.h7 e2 62.h8=Q e1=Q 63.Qe8+  1-0